| 000 | 00539nam a2200181Ia 4500 | ||
|---|---|---|---|
| 003 | GCL | ||
| 008 | 140319s9999 xx 000 0 ara d | ||
| 040 |
_aGCL / _cGCL |
||
| 082 | 0 | 4 |
_a812.041 _bف ث |
| 100 | 1 | _aفاروق خورشيد | |
| 245 | 1 | 0 |
_aثلاث مسرحيات : المسألة , ثالثا وأخيرأ , حبظلم بظاظة / _cفاروق خورشيد |
| 300 | _a244 ص | ||
| 490 | _a | ||
| 650 | 0 | 4 | _aالادب العربى |
| 650 | 0 | 4 | _aالمسرحيات |
| 650 | 0 | 4 | _aالمسرح العربى |
| 942 |
_2ddc _cBK |
||
| 999 |
_c46162 _d46162 |
||